Sports Quiz

Random Sports Quiz

4000 yard quarterbacks Quiz Stats

Quiz not verified by Sporcle

Challenge
Share
Tweet
Embed
Score 0/80 Timer 10:00
0 Plays Today
Year Quarterback % Correct
2009Peyton Manning
99.4%
2008Peyton Manning
99.4%
2007Peyton Manning
99.4%
2006Peyton Manning
99.4%
2004Peyton Manning
99.4%
2003Peyton Manning
99.4%
2001Peyton Manning
99.4%
2000Peyton Manning
99.4%
1999Peyton Manning
99.4%
2009Drew Brees
98.2%
2009Eli Manning
98.2%
2008Drew Brees
98.2%
2007Drew Brees
98.2%
2006Drew Brees
98.2%
2009Tom Brady
97.1%
2009Brett Favre
97.1%
2007Tom Brady
97.1%
2007Brett Favre
97.1%
2005Tom Brady
97.1%
2004Brett Favre
97.1%
1998Brett Favre
97.1%
1995Brett Favre
97.1%
1994Dan Marino
95.3%
1991Dan Marino
95.3%
1990Dan Marino
95.3%
1989Dan Marino
95.3%
1988Dan Marino
95.3%
1998Steve Young
90.1%
1994Steve Young
90.1%
2008Kurt Warner
89.5%
2001Kurt Warner
89.5%
2009Philip Rivers
87.7%
2008Philip Rivers
87.7%
2009Matt Schaub
87.1%
1995John Elway
86%
2009Aaron Rodgers
83%
2008Aaron Rodgers
83%
2009Tony Romo
82.5%
2007Tony Romo
82.5%
2009Ben Roethlisberger
79.5%
Year Quarterback % Correct
2004Dante Culpepper
77.8%
1994Warren Moon
77.2%
1993Warren Moon
77.2%
2007Carson Palmer
75.4%
2006Carson Palmer
75.4%
2002Drew Bledsoe
75.4%
1996Drew Bledsoe
75.4%
2008Jay Cutler
73.7%
2002Peyton Manning
71.3%
1999Brett Favre
70.8%
1999Kurt Warner
70.2%
2005Trent Green
67.8%
2004Trent Green
67.8%
2003Trent Green
67.8%
2002Kerry Collins
66.7%
2006Mark Bulger
66.1%
1996Vinny Testaverde
65.5%
1981Dan Fouts
65.5%
1980Dan Fouts
65.5%
1979Dan Fouts
65.5%
1995Warren Moon
64.3%
2002Richard Gannon
63.7%
1967Joe Namath
63.2%
1999Brad Johnson
61.4%
1986Phil Simms
58.5%
1996Mark Brunell
57.3%
2000Jeff Garcia
52%
2004Jake Plummer
48.5%
2007Jon Kitna
43.3%
2006Jon Kitna
43.3%
2000Elvis Grbac
34.5%
1992Jim Everett
27.5%
1999Steve Beuerlein
26.9%
1986Neil Lomax
21.1%
1995Scott Mitchell
19.9%
1993Don Majkowski
19.9%
1980Brian Sipe
19.3%
1989Jay Schroeder
14.6%
1985Lynn Dickey
14%
1984Bill Kenney
11.1%

You're not logged in!

Compare scores with friends on all Sporcle quizzes.
Sign Up with Email
OR
Log In

You Might Also Like...

Show Comments

Extras

Top Quizzes Today


Score Distribution

Your Account Isn't Verified!

In order to create a playlist on Sporcle, you need to verify the email address you used during registration. Go to your Sporcle Settings to finish the process.

Report this User

Report this user for behavior that violates our Community Guidelines.

Details: